000 00612nam a2200193Ia 4500
005 20260120124605.0
008 008 260114s9999 xx 000 0 eng d
020 _a9781849509541
037 _aEBOOK
040 _aCRL
_beng
_cCRL
041 _aeng
_2eng
084 _qCRL
245 0 _aCurrent Issues and Trends in Special Education: Research, Technology, and Teacher Preparation
260 _bEmerald Publishing
_c2010
700 _aJeffrey P. Bakken
_9908135
856 _uhttps://www.emerald.com/insight/publication/doi/10.1108/S0270-4013(2010)20
942 _cEBOOK
999 _c1500024
_d1500024